000 00678nam a2200277Ia 4500
005 20260320195758.0
008 008 262003s9999 xx 000 0 hin d
020 _a9789391950675
037 _aEBOOK
040 _aCRL
040 _bhin
040 _cCRL
041 _2hin
041 _ahin
084 _qCRL
100 _aओमप्रकाश वाल्मिकी
_91133030
245 0 _aअब और नहीं
250 _a2nd
260 _bRajkamal
260 _c2022
300 _a107
856 _uhttps://ebook.indiaread.in/pdfs/Ab_Aur_Nahin_by_Omprakash_Valmiki.pdf
942 _cEBOOK
999 _c1716451
_d1716451